| 000 | 00594nam a22002057a 4500 | ||
|---|---|---|---|
| 003 | 0 | ||
| 005 | 20250909154334.0 | ||
| 008 | 250909b xxu||||| |||| 00| 0 eng d | ||
| 020 | _a978-1-266-81744-1 | ||
| 050 |
_aQD 31.2 _b.O94 2025 |
||
| 100 |
_aOverby, Jason, _eauthor. |
||
| 245 |
_aChemistry / _cJason Overby. |
||
| 250 | _aFifteenth edition. | ||
| 260 |
_aNew York, NY : _bMcGraw Hill LLC, _c2025. |
||
| 300 |
_axxvii, various pagination : _bcolored illustrations ; _c28 cm. |
||
| 504 | _aIncludes index. | ||
| 650 | _aChemistry. | ||
| 650 |
_aChemistry _xTextbooks. |
||
| 942 |
_2lcc _cBK |
||
| 999 |
_c367848 _d367848 |
||